000 00591nam a2200217Ia 4500
003 OSt
005 20221005051035.0
006 a|||||r|||| 00| 0
007 ta
008 221004b |||||||| |||| 00| 0 eng d
024 _a104105
037 _cTextual
040 _aCRL
_cCRL
_beng
041 _2eng
_aeng
082 _aXxM83,GT, G6;6
100 _aKeynes John Maynard
245 0 _aGeneral theory of employment interest and money
260 _aLodon
_bMacmillan
_c1967
942 _hXxM83,GT, G6;6
_cTEXL
_2cc
999 _c958188
_d958188